[Event "Dhaka Zia Memorial"]
[Site "Dhaka"]
[Date "2025.07.08"]
[Round "5"]
[White "Hamid, Rani"]
[Black "Tashriq Saihan, Shan"]
[Result "0-1"]
[WhiteElo "1808"]
[BlackElo "2006"]
[PlyCount "78"]
[EventDate "2025.07.05"]
[EventType "swiss"]
[EventRounds "9"]
[EventCountry "BAN"]
[SourceTitle "CB29_2025"]
[SourceDate "2025.07.16"]
[SourceVersion "1"]
[SourceVersionDate "2025.07.16"]
[SourceQuality "1"]

1. e4 e5 2. Nf3 Nc6 3. Bb5 a6 4. Ba4 Nf6 5. 0-0 Be7 6. Re1 b5 7. Bb3 0-0 8. h3 d6 9. c3 Nb8 10. d4 Nbd7 11. Nbd2 Bb7 12. Bc2 Re8 13. Nf1 Bf8 14. Ng3 g6 15. Bg5 h6 16. Bxf6 Nxf6 17. a4 Bg7 18. Qd3 exd4 19. cxd4 b4 20. a5 Rb8 21. Qb3 Nd7 22. Qc4 c5 23. Ba4 Re7 24. Bxd7 Rxd7 25. Re2 cxd4 26. Nxd4 d5 27. Qxb4 dxe4 28. Nc2 Bd5 29. Qe1 Bc4 30. Nb4 Rxb4 31. Qxb4 Bxe2 32. Qxe4 Bd3 33. Qb4 h5 34. Re1 h4 35. Nf1 Bxf1 36. Rxf1 Rd1 37. Qc4 Rxf1+ 38. Qxf1 Qxa5 39. b3 Qa1 0-1

[Event "Dhaka Zia Memorial"]
[Site "Dhaka"]
[Date "2025.07.06"]
[Round "3"]
[White "Kazi Afsan Rawnak, Anan"]
[Black "Tashriq Saihan, Shan"]
[Result "1-0"]
[WhiteElo "1848"]
[BlackElo "2006"]
[PlyCount "44"]
[EventDate "2025.07.05"]
[EventType "swiss"]
[EventRounds "9"]
[EventCountry "BAN"]
[SourceTitle "CB29_2025"]
[SourceDate "2025.07.16"]
[SourceVersion "1"]
[SourceVersionDate "2025.07.16"]
[SourceQuality "1"]

1. e4 e5 2. Nf3 Nc6 3. Bc4 Nf6 4. d3 Bc5 5. c3 d6 6. a4 a6 7. 0-0 h6 8. Re1 Ng4 9. Re2 Ba7 10. d4 Qe7 11. a5 Nf6 12. Be3 Bg4 13. Nbd2 Nb8 14. Re1 Nbd7 15. Qb3 0-0 16. h3 Bxf3 17. Nxf3 Rfb8 18. Qc2 Kh7 19. g4 c6 20. g5 Nh5 21. Qd2 f6 22. gxh6 g5 1-0

[Event "BAN-chT Premier"]
[Site "Dhaka"]
[Date "2025.04.30"]
[Round "7.2"]
[White "Tashriq Saihan, Shan"]
[Black "Subrota, Biswas"]
[Result "0-1"]
[WhiteElo "1970"]
[BlackElo "2254"]
[PlyCount "86"]
[EventDate "2025.04.24"]
[EventType "team-tourn"]
[EventRounds "9"]
[EventCountry "BAN"]
[SourceTitle "CB20_2025"]
[SourceDate "2025.05.14"]
[SourceVersion "1"]
[SourceVersionDate "2025.05.14"]
[SourceQuality "1"]
[WhiteTeam "Uttara Central CC"]
[BlackTeam "Sports Bangla"]
[WhiteTeamCountry "BAN"]
[BlackTeamCountry "BAN"]

1. e4 e5 2. Nf3 Nc6 3. Bc4 Nf6 4. d3 Be7 5. c3 0-0 6. Bb3 d6 7. h3 Re8 8. Nbd2 Bf8 9. Nf1 Be6 10. Bc2 g6 11. Ng3 Bg7 12. Ng5 Bc8 13. Bb3 Re7 14. Qe2 a5 15. a4 h6 16. Nf3 Be6 17. Bxe6 Rxe6 18. h4 h5 19. Bg5 d5 20. Nf1 Qd7 21. Bxf6 Bxf6 22. Ne3 d4 23. Nd5 Bg7 24. Ng5 Rd6 25. Qc2 dxc3 26. bxc3 Ne7 27. Nxe7+ Qxe7 28. Rd1 Rad8 29. Ke2 Bh6 30. Nf3 f6 31. Qb3+ Kh8 32. Qxb7 Rb6 33. Qa7 Qc5 34. Kf1 Qxc3 35. g3 Rxd3 36. Qa8+ Kh7 37. Kg2 Rb3 38. Rxd3 Qxd3 39. Ne1 Qe2 40. Rf1 Rxg3+ 41. Kxg3 Qg4+ 42. Kh2 Bf4+ 43. Kh1 Qh3+ 0-1

[Event "BAN-chT Premier"]
[Site "Dhaka"]
[Date "2025.04.29"]
[Round "6.3"]
[White "Tashriq Saihan, Shan"]
[Black "Aaditya, Dhingra"]
[Result "0-1"]
[WhiteElo "1970"]
[BlackElo "2390"]
[PlyCount "78"]
[EventDate "2025.04.24"]
[EventType "team-tourn"]
[EventRounds "9"]
[EventCountry "BAN"]
[SourceTitle "CB20_2025"]
[SourceDate "2025.05.14"]
[SourceVersion "1"]
[SourceVersionDate "2025.05.14"]
[SourceQuality "1"]
[WhiteTeam "Uttara Central CC"]
[BlackTeam "Manha's Castle"]
[WhiteTeamCountry "BAN"]
[BlackTeamCountry "BAN"]

1. e4 c5 2. Nf3 d6 3. d4 cxd4 4. Nxd4 Nf6 5. Nc3 Nc6 6. Bg5 e6 7. Qd2 a6 8. 0-0-0 Bd7 9. f3 Nxd4 10. Qxd4 Be7 11. Kb1 b5 12. g4 Bc6 13. h4 0-0 14. Qd2 d5 15. Qh2 b4 16. Ne2 Bb7 17. e5 Nd7 18. Nd4 Nc5 19. Bxe7 Qxe7 20. g5 a5 21. f4 Ne4 22. Bd3 Qc5 23. Bxe4 dxe4 24. g6 Rfd8 25. gxf7+ Kxf7 26. Nxe6 Kxe6 27. Rdg1 Qf8 28. Rg5 g6 29. Qh3+ Ke7 30. Qe3 Rd5 31. Qb6 Qd8 32. Qf6+ Kd7 33. Qf7+ Qe7 34. e6+ Kd6 35. Rxd5+ Bxd5 36. Rd1 Qxf7 37. exf7 Rf8 38. c4 bxc3 39. bxc3 Kc5 0-1

[Event "BAN-chT Premier"]
[Site "Dhaka"]
[Date "2025.04.26"]
[Round "3.2"]
[White "Tashriq Saihan, Shan"]
[Black "Mihir Lal, Das"]
[Result "1-0"]
[WhiteElo "1970"]
[BlackElo "1948"]
[PlyCount "51"]
[EventDate "2025.04.24"]
[EventType "team-tourn"]
[EventRounds "9"]
[EventCountry "BAN"]
[SourceTitle "CB20_2025"]
[SourceDate "2025.05.14"]
[SourceVersion "1"]
[SourceVersionDate "2025.05.14"]
[SourceQuality "1"]
[WhiteTeam "Uttara Central CC"]
[BlackTeam "Janata Bank Officer Welfare"]
[WhiteTeamCountry "BAN"]
[BlackTeamCountry "BAN"]

1. e4 c5 2. Nf3 Nc6 3. Bb5 Qc7 4. 0-0 d6 5. h3 Bd7 6. c3 Nf6 7. Re1 Ne5 8. Nxe5 dxe5 9. Bxd7+ Qxd7 10. Na3 0-0-0 11. b4 e6 12. Nc4 Qc7 13. bxc5 Bxc5 14. Qb3 Rd7 15. Rb1 Nh5 16. Qb5 a6 17. Qa4 Rhd8 18. Ba3 Rd3 19. Bxc5 Qxc5 20. Rb2 Qa7 21. Reb1 b5 22. Rxb5 Rxd2 23. Rb8+ Qxb8 24. Qc6+ Qc7 25. Nb6+ Kb8 26. Qa8# 1-0

[Event "BAN-chT Premier"]
[Site "Dhaka"]
[Date "2025.04.25"]
[Round "2.2"]
[White "Tahmidul, Haque"]
[Black "Tashriq Saihan, Shan"]
[Result "1/2-1/2"]
[WhiteElo "1974"]
[BlackElo "1970"]
[PlyCount "75"]
[EventDate "2025.04.24"]
[EventType "team-tourn"]
[EventRounds "9"]
[EventCountry "BAN"]
[SourceTitle "CB20_2025"]
[SourceDate "2025.05.14"]
[SourceVersion "1"]
[SourceVersionDate "2025.05.14"]
[SourceQuality "1"]
[WhiteTeam "Dipali Memorial CC"]
[BlackTeam "Uttara Central CC"]
[WhiteTeamCountry "BAN"]
[BlackTeamCountry "BAN"]

1. e4 e5 2. Nf3 Nc6 3. Bb5 a6 4. Ba4 Nf6 5. 0-0 Be7 6. Re1 b5 7. Bb3 0-0 8. c3 d5 9. exd5 Nxd5 10. Nxe5 Nxe5 11. Rxe5 c6 12. d4 Bd6 13. Re1 Qh4 14. g3 Qh3 15. Be3 Ra7 16. Qf3 Re7 17. Nd2 Rfe8 18. a4 Bg4 19. Qg2 Qh5 20. Bxd5 cxd5 21. axb5 Bh3 22. Qf3 Bg4 23. Qg2 Bh3 24. Qh1 axb5 25. Ra5 Bd7 26. Qf3 Bg4 27. Qg2 Bh3 28. Qf3 Bg4 29. Qg2 Bh3 30. Qh1 Bd7 31. Raa1 Bg4 32. h4 h6 33. Qg2 Be2 34. Nf1 Bf3 35. Qh3 Bg4 36. Qg2 Bf3 37. Qh3 Bg4 38. Qg2 1/2-1/2